[Event "World Youth & Cadets Blitz Championships"]
[Site "Rhodes, Greece"]
[Date "2022.05.03"]
[Round "9.12"]
[White "Assylov, Miras"]
[Black "Bhagat, Kush"]
[Result "0-1"]
[TimeControl "5'/game & 2\"/move"]
[WhiteElo "1891"]
[BlackElo "1458"]

1. e4 {[%clk 00:05:03]} c5 {[%clk 00:05:03]} 2. Nf3 {[%clk 00:05:05]} {[%emt
00:00:01]} d6 {[%clk 00:05:04]} {[%emt 00:00:01]} 3. d4 {[%clk 00:05:06]} cxd4
{[%clk 00:05:05]} {[%emt 00:00:02]} 4. Nxd4 {[%clk 00:05:07]} Nf6 {[%clk
00:05:05]} {[%emt 00:00:02]} 5. Nc3 {[%clk 00:05:09]} g6 {[%clk 00:05:04]}
{[%emt 00:00:02]} 6. Bc4 {[%clk 00:05:09]} {[%emt 00:00:03]} Bg7 {[%clk
00:05:05]} {[%emt 00:00:01]} 7. O-O {[%clk 00:05:08]} {[%emt 00:00:02]} O-O
{[%clk 00:05:05]} {[%emt 00:00:02]} 8. Re1 {[%clk 00:05:10]} Nc6 {[%clk
00:05:01]} {[%emt 00:00:06]} 9. h3 {[%clk 00:05:11]} Nd7 {[%clk 00:04:50]}
{[%emt 00:00:12]} 10. Be3 {[%clk 00:04:18]} {[%emt 00:00:55]} Nde5 {[%clk
00:04:22]} {[%emt 00:00:31]} 11. Bf1 {[%clk 00:03:47]} {[%emt 00:00:33]} Na5
{[%clk 00:03:15]} {[%emt 00:01:09]} 12. Nf3 {[%clk 00:02:09]} {[%emt 00:01:40]}
Nac4 {[%clk 00:02:45]} {[%emt 00:00:32]} 13. Nxe5 {[%clk 00:02:05]} {[%emt
00:00:06]} Nxe3 {[%clk 00:02:28]} {[%emt 00:00:19]} 14. Rxe3 {[%clk 00:02:05]}
{[%emt 00:00:02]} Bxe5 {[%clk 00:02:28]} {[%emt 00:00:01]} 15. Rb1 {[%clk
00:01:52]} {[%emt 00:00:15]} a6 {[%clk 00:02:21]} {[%emt 00:00:10]} 16. Nd5
{[%clk 00:01:46]} {[%emt 00:00:08]} b5 {[%clk 00:02:11]} {[%emt 00:00:12]} 17.
c3 {[%clk 00:01:34]} {[%emt 00:00:14]} Bb7 {[%clk 00:02:09]} {[%emt 00:00:03]}
18. a4 {[%clk 00:01:28]} {[%emt 00:00:09]} bxa4 {[%clk 00:01:35]} {[%emt
00:00:36]} 19. Qxa4 {[%clk 00:01:23]} {[%emt 00:00:06]} a5 {[%clk 00:01:36]}
{[%emt 00:00:02]} 20. Bc4 {[%clk 00:01:10]} {[%emt 00:00:15]} e6 {[%clk
00:01:35]} {[%emt 00:00:03]} 21. f4 {[%clk 00:00:37]} {[%emt 00:00:35]} exd5
{[%clk 00:01:22]} {[%emt 00:00:15]} 22. fxe5 {[%clk 00:00:36]} {[%emt
00:00:03]} dxc4 {[%clk 00:01:22]} {[%emt 00:00:01]} 23. exd6 {[%clk 00:00:36]}
{[%emt 00:00:02]} Qxd6 {[%clk 00:01:21]} {[%emt 00:00:03]} 24. Qxc4 {[%clk
00:00:36]} {[%emt 00:00:02]} Rac8 {[%clk 00:01:19]} {[%emt 00:00:04]} 25. Qe2
{[%clk 00:00:37]} {[%emt 00:00:02]} Qe5 {[%clk 00:01:13]} {[%emt 00:00:07]} 26.
Ra1 {[%clk 00:00:19]} {[%emt 00:00:20]} Rfe8 {[%clk 00:01:12]} {[%emt
00:00:03]} 27. Ra4 {[%clk 00:00:18]} {[%emt 00:00:03]} Rcd8 {[%clk 00:01:05]}
{[%emt 00:00:09]} 28. b4 {[%clk 00:00:13]} {[%emt 00:00:07]} axb4 {[%clk
00:00:50]} {[%emt 00:00:17]} 29. Rxb4 {[%clk 00:00:14]} Bc6 {[%clk 00:00:49]}
{[%emt 00:00:04]} 30. g3 {[%clk 00:00:04]} {[%emt 00:00:12]} Ra8 {[%clk
00:00:40]} {[%emt 00:00:10]} 31. Qe1 {[%emt 00:00:05]} 0-1

[Event "World Youth & Cadets Blitz Championships"]
[Site "Rhodes, Greece"]
[Date "2022.05.03"]
[Round "9.13"]
[White "Gloeckler, Christian"]
[Black "Erdogmus, Yagiz Kaan"]
[Result "0-1"]
[TimeControl "5'/game & 2\"/move"]
[WhiteElo "1595"]
[BlackElo "1813"]

1. e4 {[%clk 00:05:03]} {[%emt 00:00:02]} c5 {[%clk 00:05:03]} {[%emt
00:00:02]} 2. Nf3 {[%clk 00:05:04]} {[%emt 00:00:01]} e6 {[%clk 00:05:03]}
{[%emt 00:00:02]} 3. d4 {[%clk 00:05:02]} {[%emt 00:00:04]} cxd4 {[%clk
00:05:03]} {[%emt 00:00:02]} 4. Nxd4 {[%clk 00:05:02]} {[%emt 00:00:01]} Nf6
{[%clk 00:05:03]} {[%emt 00:00:02]} 5. f3 {[%clk 00:05:02]} {[%emt 00:00:02]}
Nc6 6. Nxc6 {[%clk 00:04:47]} bxc6 {[%clk 00:04:35]} {[%emt 00:00:02]} 7. Be3
{[%clk 00:04:45]} {[%emt 00:00:04]} d5 {[%clk 00:04:31]} {[%emt 00:00:07]} 8.
Nd2 {[%clk 00:04:28]} {[%emt 00:00:19]} Bd6 {[%clk 00:04:13]} {[%emt 00:00:20]}
9. Bf2 {[%clk 00:04:01]} {[%emt 00:00:28]} Qc7 {[%clk 00:03:16]} {[%emt
00:00:59]} 10. g3 {[%clk 00:03:41]} {[%emt 00:00:21]} h5 {[%clk 00:03:07]}
{[%emt 00:00:12]} 11. Bg2 {[%clk 00:03:27]} {[%emt 00:00:16]} Ba6 {[%clk
00:02:13]} {[%emt 00:00:56]} 12. f4 {[%clk 00:02:55]} {[%emt 00:00:34]} Ng4
{[%clk 00:02:10]} {[%emt 00:00:05]} 13. Bd4 {[%clk 00:02:26]} {[%emt 00:00:31]}
e5 {[%clk 00:00:44]} {[%emt 00:01:28]} 14. fxe5 {[%clk 00:02:23]} {[%emt
00:00:05]} Bxe5 {[%clk 00:00:45]} 15. Nf3 {[%clk 00:02:17]} {[%emt 00:00:08]}
Bxg3+ {[%clk 00:00:24]} {[%emt 00:00:23]} 16. hxg3 {[%clk 00:01:55]} {[%emt
00:00:23]} Qxg3+ {[%clk 00:00:25]} {[%emt 00:00:02]} 17. Kd2 {[%clk 00:01:55]}
{[%emt 00:00:02]} Qxg2+ {[%clk 00:00:25]} {[%emt 00:00:02]} 18. Kc1 {[%clk
00:01:55]} {[%emt 00:00:02]} Be2 {[%clk 00:00:26]} {[%emt 00:00:01]} 19. Qe1
{[%clk 00:01:41]} {[%emt 00:00:16]} Bxf3 {[%clk 00:00:18]} {[%emt 00:00:10]} 20.
exd5+ {[%clk 00:01:29]} {[%emt 00:00:14]} Be4 {[%clk 00:00:19]} {[%emt
00:00:01]} 21. Qd1 {[%clk 00:01:05]} {[%emt 00:00:26]} Qxh1 {[%clk 00:00:18]}
{[%emt 00:00:03]} 22. Bg1 {[%clk 00:01:02]} {[%emt 00:00:04]} cxd5 {[%clk
00:00:19]} {[%emt 00:00:02]} 23. Qf1 {[%clk 00:00:48]} {[%emt 00:00:16]} O-O
{[%clk 00:00:16]} {[%emt 00:00:05]} 24. Kd2 {[%clk 00:00:42]} {[%emt 00:00:08]}
Qg2+ {[%clk 00:00:17]} {[%emt 00:00:01]} 25. Qxg2 {[%clk 00:00:43]} Bxg2 {[%clk
00:00:19]} {[%emt 00:00:02]} 26. Bd4 {[%clk 00:00:43]} {[%emt 00:00:01]} h4
{[%clk 00:00:20]} 27. Rg1 {[%clk 00:00:41]} {[%emt 00:00:04]} h3 {[%clk
00:00:21]} {[%emt 00:00:01]} 28. c3 {[%clk 00:00:33]} {[%emt 00:00:10]} h2
{[%clk 00:00:22]} {[%emt 00:00:01]} 29. Rxg2 {[%clk 00:00:34]} {[%emt
00:00:01]} h1=Q {[%clk 00:00:22]} {[%emt 00:00:02]} 30. Rxg4 {[%clk 00:00:35]}
Qh2+ {[%clk 00:00:23]} {[%emt 00:00:01]} 31. Kc1 {[%clk 00:00:32]} {[%emt
00:00:04]} Qh6+ {[%clk 00:00:22]} {[%emt 00:00:04]} 32. Kc2 {[%clk 00:00:31]}
{[%emt 00:00:03]} f6 {[%clk 00:00:23]} {[%emt 00:00:01]} 33. Rg2 {[%clk
00:00:29]} {[%emt 00:00:03]} Rfe8 {[%clk 00:00:23]} {[%emt 00:00:02]} 34. Rf2
{[%clk 00:00:29]} {[%emt 00:00:03]} Re1 {[%clk 00:00:24]} {[%emt 00:00:01]} 35.
Rg2 {[%clk 00:00:30]} {[%emt 00:00:02]} Rb8 {[%clk 00:00:24]} {[%emt 00:00:01]}
36. b4 {[%clk 00:00:28]} {[%emt 00:00:04]} Qc1+ {[%clk 00:00:22]} {[%emt
00:00:04]} 37. Kb3 {[%clk 00:00:28]} {[%emt 00:00:02]} Qd1+ {[%clk 00:00:19]}
{[%emt 00:00:06]} 38. Ka3 {[%clk 00:00:23]} {[%emt 00:00:07]} Re6 {[%clk
00:00:19]} 39. Rh2 {[%clk 00:00:15]} {[%emt 00:00:10]} a5 {[%clk 00:00:18]}
{[%emt 00:00:03]} 40. Bc5 {[%clk 00:00:10]} {[%emt 00:00:07]} axb4+ {[%clk
00:00:17]} {[%emt 00:00:03]} 41. Bxb4 {[%clk 00:00:09]} {[%emt 00:00:03]} d4
{[%clk 00:00:13]} {[%emt 00:00:06]} 42. Rb2 {[%clk 00:00:06]} {[%emt 00:00:05]}
Ra6+ {[%clk 00:00:14]} 0-1

[Event "World Youth & Cadets Blitz Championships"]
[Site "Rhodes, Greece"]
[Date "2022.05.03"]
[Round "9.14"]
[White "Mamedov, Edgar"]
[Black "Korelskiy, Egor"]
[Result "0-1"]
[TimeControl "5'/game & 2\"/move"]
[WhiteElo "2027"]
[BlackElo "1993"]

1. d4 {[%clk 00:05:03]} d5 {[%clk 00:05:03]} {[%emt 00:00:02]} 2. c4 {[%clk
00:05:03]} {[%emt 00:00:02]} e6 {[%clk 00:05:04]} {[%emt 00:00:01]} 3. Nf3
{[%clk 00:05:04]} {[%emt 00:00:01]} c6 {[%clk 00:05:05]} {[%emt 00:00:01]} 4.
Nc3 {[%clk 00:04:59]} {[%emt 00:00:07]} dxc4 {[%clk 00:05:05]} {[%emt
00:00:01]} 5. a4 {[%clk 00:05:01]} {[%emt 00:00:01]} Bb4 {[%clk 00:05:05]}
{[%emt 00:00:01]} 6. g3 {[%clk 00:04:47]} {[%emt 00:00:16]} b5 {[%clk
00:05:00]} {[%emt 00:00:08]} 7. Bg2 {[%clk 00:04:45]} {[%emt 00:00:04]} Bb7
{[%clk 00:04:57]} {[%emt 00:00:04]} 8. O-O {[%clk 00:04:44]} {[%emt 00:00:03]}
a6 {[%clk 00:04:57]} {[%emt 00:00:02]} 9. Ne5 {[%clk 00:04:37]} {[%emt
00:00:10]} Qc8 {[%clk 00:04:45]} {[%emt 00:00:14]} 10. e4 {[%clk 00:04:31]}
{[%emt 00:00:09]} Nf6 {[%clk 00:04:26]} {[%emt 00:00:20]} 11. Bg5 {[%clk
00:04:16]} {[%emt 00:00:17]} Nbd7 {[%emt 00:00:23]} 12. Nxd7 {[%clk 00:03:56]}
{[%emt 00:00:07]} Nxd7 {[%clk 00:03:51]} {[%emt 00:00:30]} 13. Qg4 {[%clk
00:03:28]} {[%emt 00:00:30]} h6 {[%clk 00:02:14]} {[%emt 00:01:39]} 14. Be3
{[%clk 00:03:17]} {[%emt 00:00:14]} g6 {[%clk 00:02:09]} {[%emt 00:00:06]} 15.
d5 {[%clk 00:02:53]} {[%emt 00:00:27]} Ne5 {[%clk 00:01:52]} {[%emt 00:00:19]}
16. Qe2 {[%clk 00:02:02]} {[%emt 00:00:52]} Nd3 {[%clk 00:01:37]} {[%emt
00:00:18]} 17. Bh3 {[%clk 00:01:36]} {[%emt 00:00:28]} Bxc3 {[%clk 00:01:25]}
{[%emt 00:00:14]} 18. dxe6 {[%clk 00:01:21]} {[%emt 00:00:17]} fxe6 {[%clk
00:01:06]} {[%emt 00:00:21]} 19. bxc3 {[%clk 00:01:21]} {[%emt 00:00:02]} Qd7
{[%clk 00:00:52]} {[%emt 00:00:15]} 20. Bd4 {[%clk 00:00:58]} {[%emt 00:00:26]}
Rg8 {[%clk 00:00:40]} {[%emt 00:00:13]} 21. Qg4 {[%clk 00:00:51]} {[%emt
00:00:10]} Bc8 {[%clk 00:00:34]} {[%emt 00:00:07]} 22. Qh4 {[%clk 00:00:40]}
{[%emt 00:00:13]} h5 {[%clk 00:00:26]} {[%emt 00:00:10]} 23. f4 {[%clk
00:00:40]} {[%emt 00:00:03]} c5 {[%clk 00:00:13]} {[%emt 00:00:15]} 24. Bf6
{[%clk 00:00:34]} {[%emt 00:00:08]} Qc6 {[%clk 00:00:13]} {[%emt 00:00:02]} 25.
Bg2 {[%clk 00:00:33]} {[%emt 00:00:03]} Bb7 {[%clk 00:00:12]} {[%emt 00:00:03]}
26. axb5 {[%clk 00:00:34]} {[%emt 00:00:02]} axb5 {[%clk 00:00:11]} {[%emt
00:00:02]} 27. Rxa8+ {[%clk 00:00:34]} {[%emt 00:00:02]} Bxa8 {[%clk 00:00:12]}
28. Ra1 {[%clk 00:00:29]} {[%emt 00:00:07]} b4 {[%clk 00:00:12]} {[%emt
00:00:02]} 29. f5 {[%clk 00:00:20]} {[%emt 00:00:10]} b3 {[%clk 00:00:11]}
{[%emt 00:00:04]} 30. fxg6 {[%clk 00:00:15]} {[%emt 00:00:07]} b2 {[%clk
00:00:12]} {[%emt 00:00:01]} 31. Rb1 {[%clk 00:00:12]} {[%emt 00:00:05]} Qa4
{[%clk 00:00:09]} {[%emt 00:00:04]} 32. Qxh5 {[%clk 00:00:12]} {[%emt
00:00:03]} Qc2 {[%clk 00:00:05]} {[%emt 00:00:05]} 33. g7+ {[%clk 00:00:12]}
{[%emt 00:00:03]} Kd7 {[%clk 00:00:06]} {[%emt 00:00:01]} 34. Qf7+ {[%clk
00:00:10]} {[%emt 00:00:04]} Kc6 {[%emt 00:00:04]} 35. Qxe6+ {[%clk 00:00:08]}
{[%emt 00:00:03]} Kb5 {[%clk 00:00:06]} 36. Qd7+ {[%clk 00:00:09]} {[%emt
00:00:01]} Bc6 {[%clk 00:00:08]} 37. Rxb2+ {[%clk 00:00:06]} {[%emt 00:00:05]}
Qxb2 {[%clk 00:00:08]} {[%emt 00:00:02]} 38. Qf7 {[%clk 00:00:06]} {[%emt
00:00:02]} Qc1+ {[%clk 00:00:09]} 39. Bf1 {[%clk 00:00:07]} {[%emt 00:00:01]}
Qe3+ {[%clk 00:00:10]} {[%emt 00:00:01]} 40. Kg2 Bxe4+ {[%clk 00:00:10]} 41.
Kh3 {[%clk 00:00:08]} {[%emt 00:00:01]} Qh6+ {[%clk 00:00:11]} {[%emt
00:00:02]} 42. Bh4 {[%clk 00:00:08]} {[%emt 00:00:02]} Rxg7 {[%clk 00:00:05]}
{[%emt 00:00:08]} 43. Qf8 {[%clk 00:00:08]} {[%emt 00:00:02]} Rxg3+ {[%clk
00:00:06]} {[%emt 00:00:01]} 0-1

[Event "World Youth & Cadets Blitz Championships"]
[Site "Rhodes, Greece"]
[Date "2022.05.03"]
[Round "9.15"]
[White "Begmuratov, Khumoyun"]
[Black "Niezhentsev, Kyrylo"]
[Result "1-0"]
[TimeControl "5'/game & 2\"/move"]
[WhiteElo "1961"]
[BlackElo "2060"]

1. e4 {[%clk 00:05:03]} c5 {[%clk 00:05:03]} {[%emt 00:00:02]} 2. Nf3 {[%clk
00:04:59]} {[%emt 00:00:05]} e6 {[%clk 00:05:04]} {[%emt 00:00:01]} 3. d3
{[%clk 00:05:00]} {[%emt 00:00:02]} d5 {[%clk 00:05:00]} {[%emt 00:00:06]} 4.
Nbd2 {[%clk 00:05:00]} {[%emt 00:00:02]} Nc6 {[%clk 00:05:00]} {[%emt
00:00:02]} 5. g3 {[%clk 00:05:01]} Nf6 {[%clk 00:05:00]} {[%emt 00:00:02]} 6.
Bg2 {[%clk 00:05:02]} Be7 {[%clk 00:04:59]} {[%emt 00:00:03]} 7. O-O {[%clk
00:05:03]} {[%emt 00:00:02]} O-O {[%clk 00:04:59]} {[%emt 00:00:02]} 8. Re1
{[%clk 00:05:03]} dxe4 {[%clk 00:04:43]} {[%emt 00:00:19]} 9. dxe4 {[%clk
00:05:01]} {[%emt 00:00:04]} Qc7 {[%clk 00:04:21]} {[%emt 00:00:24]} 10. Qe2
{[%clk 00:04:56]} {[%emt 00:00:06]} Rd8 {[%clk 00:04:16]} {[%emt 00:00:08]} 11.
Nc4 {[%clk 00:04:21]} {[%emt 00:00:37]} Nd4 {[%clk 00:03:29]} {[%emt 00:00:48]}
12. Nxd4 {[%clk 00:04:19]} {[%emt 00:00:05]} cxd4 {[%clk 00:03:30]} 13. Bf4
{[%clk 00:04:11]} {[%emt 00:00:10]} Qc5 {[%clk 00:03:24]} {[%emt 00:00:07]} 14.
Ne5 {[%clk 00:03:56]} {[%emt 00:00:16]} Bd7 {[%clk 00:02:53]} {[%emt 00:00:34]}
15. Nd3 {[%clk 00:03:38]} {[%emt 00:00:21]} Qb6 {[%clk 00:02:51]} {[%emt
00:00:03]} 16. Bg5 {[%clk 00:03:04]} {[%emt 00:00:37]} h6 {[%clk 00:02:45]}
{[%emt 00:00:08]} 17. Bd2 {[%clk 00:03:03]} {[%emt 00:00:03]} Rac8 {[%clk
00:02:26]} {[%emt 00:00:21]} 18. Rac1 {[%clk 00:02:55]} {[%emt 00:00:10]} Bb5
{[%clk 00:02:18]} {[%emt 00:00:09]} 19. b3 {[%clk 00:02:45]} {[%emt 00:00:13]}
Ba3 {[%clk 00:02:15]} {[%emt 00:00:04]} 20. e5 {[%clk 00:02:25]} {[%emt
00:00:22]} Nd5 {[%clk 00:02:04]} {[%emt 00:00:13]} 21. Qg4 {[%clk 00:02:04]}
{[%emt 00:00:23]} Kh8 {[%clk 00:01:03]} {[%emt 00:01:04]} 22. Qh5 {[%clk
00:00:42]} {[%emt 00:01:24]} Bxc1 {[%clk 00:00:34]} {[%emt 00:00:30]} 23. Bxc1
{[%clk 00:00:43]} {[%emt 00:00:01]} Bxd3 {[%clk 00:00:14]} {[%emt 00:00:23]} 24.
cxd3 {[%clk 00:00:43]} {[%emt 00:00:01]} Qb4 {[%clk 00:00:12]} {[%emt
00:00:04]} 25. Rf1 {[%clk 00:00:37]} {[%emt 00:00:09]} Qf8 {[%clk 00:00:12]}
{[%emt 00:00:03]} 26. f4 {[%clk 00:00:28]} {[%emt 00:00:10]} Rc2 {[%clk
00:00:11]} {[%emt 00:00:03]} 27. f5 {[%clk 00:00:28]} {[%emt 00:00:02]} exf5
{[%clk 00:00:08]} {[%emt 00:00:04]} 28. Qxf5 {[%clk 00:00:27]} {[%emt
00:00:03]} Ne3 {[%clk 00:00:06]} {[%emt 00:00:05]} 29. Bxe3 {[%clk 00:00:27]}
{[%emt 00:00:02]} dxe3 {[%clk 00:00:07]} 30. Be4 {[%clk 00:00:29]} g6 {[%clk
00:00:06]} {[%emt 00:00:04]} 31. Qf6+ {[%clk 00:00:29]} {[%emt 00:00:01]} Kg8
{[%clk 00:00:06]} {[%emt 00:00:02]} 32. e6 {[%clk 00:00:24]} {[%emt 00:00:07]}
fxe6 {[%clk 00:00:04]} {[%emt 00:00:03]} 33. Qxe6+ {[%clk 00:00:24]} {[%emt
00:00:03]} Kg7 {[%clk 00:00:05]} {[%emt 00:00:01]} 34. Qxg6+ {[%clk 00:00:25]}
1-0

[Event "World Youth & Cadets Blitz Championships"]
[Site "Rhodes, Greece"]
[Date "2022.05.03"]
[Round "9.16"]
[White "Kuru, Atilla"]
[Black "Soulier, Alfred"]
[Result "1-0"]
[TimeControl "5'/game & 2\"/move"]
[WhiteElo "2023"]
[BlackElo "1293"]

1. e4 {[%clk 00:05:02]} {[%emt 00:00:02]} c5 {[%clk 00:05:03]} {[%emt
00:00:01]} 2. Nf3 {[%clk 00:05:03]} {[%emt 00:00:02]} d6 {[%clk 00:05:04]}
{[%emt 00:00:01]} 3. d4 {[%clk 00:05:04]} {[%emt 00:00:01]} cxd4 {[%clk
00:05:05]} {[%emt 00:00:01]} 4. Nxd4 {[%clk 00:05:03]} {[%emt 00:00:02]} Nf6
{[%clk 00:05:06]} {[%emt 00:00:01]} 5. Nc3 {[%clk 00:05:04]} {[%emt 00:00:02]}
a6 {[%clk 00:05:07]} {[%emt 00:00:01]} 6. f3 {[%clk 00:05:04]} {[%emt
00:00:02]} e6 {[%clk 00:05:08]} {[%emt 00:00:01]} 7. Be3 {[%clk 00:05:04]}
{[%emt 00:00:02]} b5 {[%clk 00:05:01]} {[%emt 00:00:09]} 8. Qd2 {[%clk
00:05:04]} {[%emt 00:00:01]} Bb7 {[%clk 00:05:02]} {[%emt 00:00:02]} 9. O-O-O
{[%clk 00:05:02]} {[%emt 00:00:04]} Nbd7 {[%clk 00:05:03]} {[%emt 00:00:01]} 10.
g4 {[%clk 00:05:01]} {[%emt 00:00:03]} h6 {[%clk 00:05:04]} {[%emt 00:00:01]}
11. h4 {[%clk 00:05:01]} {[%emt 00:00:02]} b4 {[%clk 00:05:05]} 12. Na4 {[%clk
00:04:52]} {[%emt 00:00:11]} d5 {[%clk 00:05:06]} {[%emt 00:00:02]} 13. exd5
{[%clk 00:04:41]} {[%emt 00:00:11]} Nxd5 {[%clk 00:05:07]} {[%emt 00:00:02]} 14.
Bf2 {[%clk 00:04:39]} {[%emt 00:00:04]} Rc8 {[%clk 00:04:56]} {[%emt 00:00:14]}
15. Rg1 {[%clk 00:04:32]} {[%emt 00:00:07]} Be7 {[%clk 00:04:51]} {[%emt
00:00:08]} 16. g5 {[%clk 00:04:21]} {[%emt 00:00:13]} hxg5 {[%clk 00:04:42]}
{[%emt 00:00:10]} 17. hxg5 {[%clk 00:04:14]} {[%emt 00:00:09]} Rh5 {[%clk
00:04:10]} {[%emt 00:00:35]} 18. f4 {[%clk 00:04:12]} {[%emt 00:00:04]} Nxf4
{[%clk 00:03:37]} {[%emt 00:00:34]} 19. Qxf4 {[%clk 00:03:48]} {[%emt
00:00:26]} Bxg5 {[%clk 00:03:31]} {[%emt 00:00:09]} 20. Rxg5 {[%clk 00:03:48]}
{[%emt 00:00:02]} Qxg5 {[%clk 00:03:21]} {[%emt 00:00:12]} 21. Qxg5 {[%clk
00:03:45]} {[%emt 00:00:05]} Rxg5 {[%clk 00:03:22]} 22. Nb3 {[%clk 00:03:42]}
{[%emt 00:00:05]} Rf5 {[%clk 00:02:53]} {[%emt 00:00:31]} 23. Bd4 {[%clk
00:03:34]} {[%emt 00:00:07]} Be4 {[%clk 00:02:37]} {[%emt 00:00:21]} 24. c3
{[%clk 00:03:12]} {[%emt 00:00:25]} bxc3 {[%clk 00:02:26]} {[%emt 00:00:12]} 25.
Nxc3 {[%clk 00:03:11]} {[%emt 00:00:03]} Bb7 {[%clk 00:02:03]} {[%emt
00:00:26]} 26. Bxg7 {[%clk 00:03:00]} {[%emt 00:00:11]} Nb6 {[%clk 00:01:21]}
{[%emt 00:00:44]} 27. Bd4 {[%clk 00:02:52]} {[%emt 00:00:10]} Nd5 {[%clk
00:01:15]} {[%emt 00:00:08]} 28. Bd3 {[%clk 00:02:46]} {[%emt 00:00:08]} Rg5
{[%clk 00:00:51]} {[%emt 00:00:27]} 29. Kb1 {[%clk 00:02:45]} {[%emt 00:00:03]}
Nxc3+ {[%clk 00:00:51]} {[%emt 00:00:02]} 30. Bxc3 {[%clk 00:02:44]} {[%emt
00:00:02]} Rd5 {[%clk 00:00:38]} {[%emt 00:00:16]} 31. Bd4 {[%clk 00:02:32]}
{[%emt 00:00:14]} e5 {[%clk 00:00:30]} {[%emt 00:00:10]} 32. Re1 {[%clk
00:02:33]} {[%emt 00:00:01]} f6 {[%clk 00:00:26]} {[%emt 00:00:06]} 33. Be4
{[%clk 00:02:30]} {[%emt 00:00:05]} Rd7 {[%clk 00:00:25]} {[%emt 00:00:03]} 34.
Bf5 {[%clk 00:02:28]} {[%emt 00:00:03]} Rxd4 {[%clk 00:00:14]} {[%emt
00:00:13]} 35. Bxc8 {[%clk 00:02:19]} {[%emt 00:00:11]} Rb4 {[%clk 00:00:06]}
{[%emt 00:00:11]} 36. Bf5 {[%clk 00:02:19]} {[%emt 00:00:02]} Rf4 {[%clk
00:00:05]} {[%emt 00:00:03]} 37. Bc2 {[%clk 00:02:19]} {[%emt 00:00:02]} Kd7
{[%clk 00:00:05]} {[%emt 00:00:03]} 38. Nc5+ {[%clk 00:02:19]} {[%emt
00:00:01]} Kc8 {[%clk 00:00:04]} {[%emt 00:00:02]} 39. Rh1 {[%clk 00:02:14]}
{[%emt 00:00:07]} Rg4 {[%clk 00:00:03]} {[%emt 00:00:04]} 40. Bf5+ {[%clk
00:02:12]} {[%emt 00:00:03]} Kc7 {[%clk 00:00:04]} {[%emt 00:00:02]} 41. Bxg4
{[%clk 00:02:12]} {[%emt 00:00:01]} Bxh1 {[%clk 00:00:04]} {[%emt 00:00:02]} 42.
Nxa6+ {[%clk 00:02:09]} {[%emt 00:00:05]} Kd6 {[%clk 00:00:04]} {[%emt
00:00:03]} 43. Kc2 {[%clk 00:02:07]} {[%emt 00:00:04]} Be4+ {[%clk 00:00:05]}
{[%emt 00:00:01]} 44. Kd2 {[%clk 00:02:08]} f5 {[%clk 00:00:06]} 45. Be2 {[%clk
00:02:08]} {[%emt 00:00:01]} f4 {[%clk 00:00:07]} {[%emt 00:00:02]} 46. Nb4
{[%clk 00:02:08]} {[%emt 00:00:01]} Kc5 {[%clk 00:00:06]} {[%emt 00:00:04]} 47.
Nd3+ {[%clk 00:02:09]} Kd4 {[%clk 00:00:07]} {[%emt 00:00:01]} 48. Ne1 {[%clk
00:02:08]} {[%emt 00:00:02]} Kd5 {[%clk 00:00:05]} {[%emt 00:00:05]} 49. Bd3
{[%clk 00:02:02]} {[%emt 00:00:06]} Bh1 {[%clk 00:00:04]} {[%emt 00:00:05]} 50.
Bf1 {[%clk 00:01:59]} {[%emt 00:00:05]} e4 {[%clk 00:00:04]} {[%emt 00:00:02]}
51. Ke2 {[%clk 00:02:00]} {[%emt 00:00:01]} e3 {[%clk 00:00:04]} {[%emt
00:00:02]} 52. Bg2+ {[%clk 00:02:01]} {[%emt 00:00:01]} Bxg2 {[%emt 00:00:03]}
53. Nxg2 {[%clk 00:02:01]} Ke4 {[%clk 00:00:05]} {[%emt 00:00:01]} 54. Nh4
{[%clk 00:02:02]} {[%emt 00:00:02]} Kd4 {[%clk 00:00:05]} {[%emt 00:00:02]} 55.
Nf3+ {[%clk 00:01:58]} {[%emt 00:00:05]} Ke4 {[%clk 00:00:06]} {[%emt
00:00:01]} 56. b4 {[%clk 00:01:59]} {[%emt 00:00:02]} Kd5 {[%clk 00:00:07]}
{[%emt 00:00:01]} 57. Kd3 {[%clk 00:02:00]} {[%emt 00:00:01]} Kc6 {[%clk
00:00:05]} {[%emt 00:00:04]} 58. a4 {[%clk 00:02:00]} Kb6 {[%clk 00:00:06]}
{[%emt 00:00:01]} 59. Kc4 {[%clk 00:01:59]} {[%emt 00:00:04]} Kc6 {[%clk
00:00:06]} {[%emt 00:00:02]} 60. a5 {[%clk 00:01:59]} {[%emt 00:00:03]} Kb7
{[%clk 00:00:07]} 61. b5 {[%clk 00:01:57]} {[%emt 00:00:04]} Ka7 {[%clk
00:00:08]} 62. Kc5 {[%clk 00:01:57]} {[%emt 00:00:02]} Kb7 {[%clk 00:00:09]} 63.
a6+ {[%clk 00:01:56]} {[%emt 00:00:03]} Ka7 {[%clk 00:00:11]} 64. Kc6 {[%clk
00:01:57]} Kb8 {[%clk 00:00:12]} 65. b6 {[%clk 00:01:58]} e2 {[%clk 00:00:13]}
66. b7 {[%clk 00:01:54]} {[%emt 00:00:07]} e1=Q {[%clk 00:00:10]} {[%emt
00:00:06]} 67. Nxe1 {[%clk 00:01:54]} {[%emt 00:00:02]} f3 {[%clk 00:00:11]} 68.
Kb6 {[%clk 00:01:54]} {[%emt 00:00:02]} f2 {[%clk 00:00:11]} {[%emt 00:00:02]}
69. a7# {[%clk 00:05:02]} {[%emt 00:00:05]} 1-0